000 00648nam a2200217Ii 4500
001 9275
003 CO-ViMGA
008 241108s9999||||xx |||||||||||||| ||und||
020 _a9580209286
040 _aCO-ViMGA
_bspa
_erda
_cCO-ViMGA
041 0 _aspa
082 0 4 _a616.462 G67d
100 1 _aNeil F Gordon
_950768
245 1 0 _aDiabetes:
_bGuia completa de ejercicios para prevención y rehabilitación
264 1 _aBogotá, Colombia : Voluntad, 1994
300 _avolumen
336 _atext
_btxt
_2rdacontent
337 _aunmediated
_bn
_2rdamedia
338 _avolume
_bnc
_2rdacarrier
940 _aidficha_siabuc: 9070. -- ficha_no_siabuc:9275
999 _c45460
_d45460